000 00585nam a2200193 i 4500
001 88686
003 ES-MaACL
005 20230906175914.0
007 t|
008 050105s1971 sp ||||1| spa d
100 1 _aLandau, L.
_969930
245 1 0 _aFísica sin secretos /
_cL. Landau, A. Kitaigorodskij ; [traducción de Rosario de la Iglesia].
250 _a[1ª ed.].
260 _a[Madrid] :
_bDoncel,
_c[1971]
300 _a2 v. :
_bil. ;
_c18 cm.
700 1 _aKitaigorodskij, A.
_968159
700 1 _aIglesia, Rosario de la.
_965062
852 _aES-MaACL
_jC-49204-5
_bR.80190
999 _c88686
_d88686